000
00346nam a2200157Ia 4500
003
0STCL
008
150530s9999 xx 000 0 und d
040
_a
STCL
_c
STCL
100
_a
Henry Thomas
245
_a
Thomas Alva Edison
260
_b
S.Chand
_c
1961
546
_a
English
942
_2
ddc
_c
BK
999
_c
69116
_d
69116
005
20220125171412.0